000
00263nam a2200109Ia 4500
005
20251222143124.0
008
251222s9999||||xx |||||||||||||| ||spa||
082
_a
305.908.22/C46
245
0
_a
Empleo con Apoyo:
264
_b
Ministerio de Educación
942
_c
LIB
999
_c
11663
_d
11663